[Event "Championnat de Martinique Fermé 2017"]
[Site "Le Lamentin"]
[Date "2017.05.25"]
[Round "5.1"]
[White "Chancerel, Dominique"]
[Black "Midonet, Matthieu"]
[Result "0-1"]
[WhiteElo "1815"]
[BlackElo "2247"]
[PlyCount "76"]
[EventDate "2017.??.??"]

1. c4 e5 2. Nc3 Nf6 3. g3 Nc6 4. Bg2 Bc5 5. Nf3 d6 6. O-O O-O 7. d3 h6 8. a3 a6
9. b4 Ba7 10. Rb1 Be6 11. Bd2 Qd7 12. Qc1 Kh7 13. Qc2 Nd4 14. Nxd4 exd4 15. Ne4
Ng4 16. f3 Ne3 17. Bxe3 dxe3 18. d4 Kg8 19. Rbd1 f5 20. d5 Bf7 21. Nc3 f4 22.
gxf4 Bh5 23. f5 Rxf5 24. Ne4 Rf4 25. Ng3 Bf7 26. Kh1 Re8 27. Rg1 Re5 28. Qc3
Bg6 29. c5 Qe7 30. cxd6 Qxd6 31. Bh3 Rh4 32. Be6+ Kh7 33. Rg2 Rxe6 34. Nf5
Rxh2+ 35. Rxh2 Bxf5 36. Rg1 Rg6 37. Rhg2 Qf4 38. Qxg7+ Kxg7 0-1

[Event "Championnat de Martinique Fermé 2017"]
[Site "Le Lamentin"]
[Date "2017.05.21"]
[Round "5.2"]
[White "Alcindor, Samuel"]
[Black "Verneuil, Pascal"]
[Result "0-1"]
[WhiteElo "1434"]
[BlackElo "2197"]
[PlyCount "68"]
[EventDate "2017.??.??"]

1. e4 c5 2. Nf3 Nc6 3. d4 cxd4 4. Nxd4 e6 5. Nc3 Qc7 6. g3 a6 7. Bg2 Nf6 8. O-O
Bd6 9. Nde2 b5 10. a3 Bb7 11. Bg5 Ng4 12. Qd2 h6 13. Bf4 Nge5 14. Rfd1 Bc5 15.
b4 Ba7 16. Nc1 g5 17. Bxe5 Nxe5 18. Nb3 Nc4 19. Qd3 Rc8 20. Ne2 Nb2 21. Qd2
Nxd1 22. Rxd1 d6 23. Ned4 O-O 24. h4 Qe7 25. hxg5 Qxg5 26. Qd3 Rfd8 27. Bh3 Qf6
28. Qe2 Rc4 29. Na5 Rxd4 30. Nxb7 Rxd1+ 31. Qxd1 Qxf2+ 32. Kh1 Rd7 33. Na5 Qxg3
34. Bg2 Qh4+ 0-1

[Event "Championnat de Martinique Fermé 2017"]
[Site "Le Lamentin"]
[Date "2017.05.21"]
[Round "5.3"]
[White "Grange, Julien"]
[Black "Suez-Panama, Gilles"]
[Result "0-1"]
[WhiteElo "1892"]
[BlackElo "2041"]
[PlyCount "116"]
[EventDate "2017.??.??"]

1. d4 Nf6 2. c4 g6 3. Nc3 Bg7 4. Nf3 d6 5. Bg5 Nbd7 6. e3 c6 7. Be2 O-O 8. Qc2
Qe8 9. O-O e5 10. b4 Nh5 11. Ne4 d5 12. Nd6 Qe6 13. c5 h6 14. Bh4 e4 15. Nd2
Ndf6 16. Qd1 Ne8 17. Nxe8 Rxe8 18. Bxh5 gxh5 19. Qxh5 Kh7 20. Bg3 Rg8 21. Bf4
Bd7 22. Kh1 Bf8 23. f3 f5 24. fxe4 fxe4 25. Be5 Rg6 26. Rf2 Be7 27. Raf1 Be8
28. Qe2 Rg8 29. a4 Bg6 30. Nb3 Bh4 31. g3 Be7 32. Kg2 Raf8 33. b5 Rxf2+ 34.
Rxf2 Rf8 35. Rxf8 Bxf8 36. Qf1 Be7 37. Qf4 Bf5 38. h4 Bg4 39. Na5 cxb5 40. axb5
Qg6 41. Nxb7 Bxh4 42. Nd6 Bf3+ 43. Kh2 Bd8 44. Qf7+ Qxf7 45. Nxf7 Ba5 46. Bb8
Be2 47. Nd6 Bd2 48. Bxa7 Bxe3 49. c6 Bg4 50. Kg2 Bd2 51. Nxe4 dxe4 52. d5 e3
53. d6 e2 54. Bf2 e1=Q 55. Bxe1 Bxe1 56. b6 Bb4 57. d7 Be7 58. Kf2 Bc5+ 0-1

[Event "Championnat de Martinique Fermé 2017"]
[Site "Le Lamentin"]
[Date "2017.05.21"]
[Round "6.1"]
[White "Midonet, Matthieu"]
[Black "Christophe-Hayot, Romain"]
[Result "1-0"]
[WhiteElo "2247"]
[BlackElo "1732"]
[PlyCount "97"]
[EventDate "2017.??.??"]

1. e4 d5 2. exd5 Nf6 3. d4 Nxd5 4. c4 Nb6 5. Nf3 g6 6. h3 Bf5 7. Be2 Bg7 8. O-O
Nc6 9. Be3 e5 10. d5 Ne7 11. Nc3 O-O 12. Qd2 Re8 13. Rad1 Rc8 14. c5 Nd7 15. g4
e4 16. Nh2 Ne5 17. gxf5 gxf5 18. d6 cxd6 19. cxd6 Rxc3 20. bxc3 N7g6 21. Bg5
Qd7 22. Rfe1 f6 23. Bf4 a6 24. Bxe5 Rxe5 25. Bh5 Nf8 26. f4 Rc5 27. Nf1 Bh6 28.
Qd4 Qg7+ 29. Kh1 Ne6 30. d7 Nxd4 31. d8=Q+ Qf8 32. Qxf8+ Kxf8 33. cxd4 Ra5 34.
d5 Ke7 35. d6+ Kd7 36. Bf7 Bxf4 37. Re2 Rc5 38. Bg8 Rc3 39. Kg2 h6 40. Bh7 Rc5
41. Ne3 Bxe3 42. Rxe3 b5 43. Kg3 a5 44. Kf4 Rc2 45. Bxf5+ Kd8 46. d7 Rxa2 47.
Rxe4 Rf2+ 48. Ke3 Rxf5 49. Re8+ 1-0

[Event "Championnat de Martinique Fermé 2017"]
[Site "Le Lamentin"]
[Date "2017.05.21"]
[Round "6.2"]
[White "Verneuil, Pascal"]
[Black "Grange, Julien"]
[Result "1-0"]
[WhiteElo "2197"]
[BlackElo "1892"]
[PlyCount "139"]
[EventDate "2017.??.??"]

1. e4 c5 2. Nc3 Nc6 3. Bb5 Nd4 4. Nf3 e6 5. Nxd4 cxd4 6. Ne2 Nf6 7. Bd3 d5 8.
exd5 Qxd5 9. O-O Bd6 10. Ng3 Bd7 11. Be2 d3 12. Bf3 dxc2 13. Qxc2 Qb5 14. a4
Qa6 15. b4 Rc8 16. Qb3 b5 17. Be2 Qb6 18. a5 Qb8 19. Bb2 Be5 20. d4 Bxg3 21.
fxg3 Nd5 22. Rac1 Rxc1 23. Rxc1 O-O 24. Bf3 Qd6 25. Rc5 Bc6 26. Bc1 Rd8 27. Bg5
f6 28. Bd2 a6 29. Bg4 Kf7 30. h3 g6 31. Kh2 h5 32. Qc2 hxg4 33. Rxc6 Qe7 34.
Qe4 f5 35. Qe2 gxh3 36. gxh3 Rd6 37. Bg5 Qd7 38. Rc5 Rc6 39. Qe5 Rxc5 40. dxc5
Kg8 41. Bd2 Kh7 42. h4 Nf6 43. Qc3 Ng4+ 44. Kg1 Qc6 45. Qd3 Ne5 46. Qe3 Ng4 47.
Qd3 Ne5 48. Qe2 Qd5 49. Bc3 Nc6 50. Qe3 e5 51. Bd2 Qe6 52. Qh6+ Kg8 53. h5 f4
54. hxg6 Qd7 55. gxf4 exf4 56. Qxf4 Qd4+ 57. Qxd4 Nxd4 58. Kf2 Nc6 59. Bc3 Ne7
60. Bf6 Nd5 61. c6 Nxf6 62. c7 Ne4+ 63. Ke3 Nd6 64. Kd4 Kg7 65. Kd5 Nc8 66. Kc6
Kxg6 67. Kd7 Na7 68. c8=Q Nxc8 69. Kxc8 Kf6 70. Kb7 1-0

[Event "Championnat de Martinique Fermé 2017"]
[Site "Le Lamentin"]
[Date "2017.05.21"]
[Round "6.3"]
[White "Joachim, Rodny"]
[Black "Alcindor, Samuel"]
[Result "1-0"]
[WhiteElo "1693"]
[BlackElo "1434"]
[PlyCount "67"]
[EventDate "2017.??.??"]

1. e4 c5 2. Nf3 Nc6 3. d4 cxd4 4. Nxd4 Nf6 5. Nc3 d6 6. Be2 Bd7 7. O-O g6 8.
Kh1 Bg7 9. Be3 O-O 10. Nb3 a6 11. f3 Qc7 12. a4 Rfd8 13. a5 Re8 14. Bb6 Qc8 15.
Qd2 Be6 16. Nd4 Ne5 17. Nxe6 Qxe6 18. b3 Nfd7 19. Bd4 Rac8 20. f4 Bh6 21. Qd1
Rxc3 22. Bxc3 Nc6 23. Bg4 f5 24. Be2 Qf7 25. Bc4 e6 26. exf5 gxf5 27. Qxd6 Bf8
28. Qd2 Nf6 29. Bxf6 Qxf6 30. Rae1 Kg7 31. Rf3 Bc5 32. Rg3+ Kh8 33. Qd7 Qe7 34.
Rd1 1-0

[Event "Championnat de Martinique Fermé 2017"]
[Site "Le Lamentin"]
[Date "2017.05.21"]
[Round "6.5"]
[White "Marbot, Raymond"]
[Black "Suez-Panama, Gilles"]
[Result "0-1"]
[WhiteElo "1726"]
[BlackElo "2041"]
[PlyCount "86"]
[EventDate "2017.??.??"]

1. e4 e6 2. d4 d5 3. Nd2 Nc6 4. c3 e5 5. exd5 Qxd5 6. Qb3 Qxb3 7. Nxb3 exd4 8.
Nxd4 Nxd4 9. cxd4 Bb4+ 10. Bd2 Bxd2+ 11. Kxd2 Be6 12. Nf3 O-O-O 13. Kc3 Nf6 14.
Bd3 Nd5+ 15. Kd2 Nf4 16. Bf1 Bd5 17. Rg1 g6 18. Ke3 Nh5 19. b3 Rhe8+ 20. Kd2
Bxf3 21. gxf3 Rxd4+ 22. Kc2 Rf4 23. Rd1 Rxf3 24. Rd2 Rd8 25. Rxd8+ Kxd8 26. Kb1
Rxf2 27. Bc4 c6 28. a4 f5 29. Rd1+ Kc7 30. Re1 a5 31. Re7+ Kb6 32. Rxh7 Rxh2
33. Bf7 Rg2 34. Rh6 Nf4 35. Bc4 Nd5 36. Rh7 Nc3+ 37. Kc1 f4 38. Rf7 g5 39. Be6
g4 40. Bc8 g3 41. Rxb7+ Kc5 42. Bg4 Rf2 43. Re7 g2 0-1

[Event "Championnat de Martinique Fermé 2017"]
[Site "Le Lamentin"]
[Date "2017.05.25"]
[Round "6.6"]
[White "Prudent, Sylvio"]
[Black "Chancerel, Dominique"]
[Result "1-0"]
[WhiteElo "1650"]
[BlackElo "1815"]
[PlyCount "63"]
[EventDate "2017.??.??"]

1. Nf3 Nf6 2. b3 d6 3. d4 g6 4. Bb2 Bg7 5. c4 O-O 6. Nc3 Nbd7 7. e4 c6 8. d5
Nxe4 9. Nxe4 Bxb2 10. dxc6 bxc6 11. Rb1 Bg7 12. Qd2 c5 13. Be2 Bb7 14. Ng3 Nf6
15. O-O a5 16. Rfd1 Qc7 17. Qd3 Rfd8 18. Ng5 h6 19. N5e4 Nd7 20. h4 h5 21. Ng5
Ne5 22. Qc2 Bh6 23. f4 Bxg5 24. hxg5 Qc6 25. Bxh5 gxh5 26. fxe5 h4 27. Nf5 Qe4
28. Qf2 Kh7 29. Nxe7 Kg7 30. Re1 Qg4 31. Qf6+ Kf8 32. Ng6+ 1-0

[Event "Championnat de Martinique Fermé 2017"]
[Site "Le Lamentin"]
[Date "2017.05.21"]
[Round "7.1"]
[White "Alcindor, Samuel"]
[Black "Midonet, Matthieu"]
[Result "0-1"]
[WhiteElo "1434"]
[BlackElo "2247"]
[PlyCount "66"]
[EventDate "2017.??.??"]

1. e4 c5 2. Nf3 Nc6 3. d4 cxd4 4. Nxd4 e5 5. Nb5 d6 6. c4 Be7 7. Be2 f5 8. N1c3
a6 9. Na3 Nf6 10. f3 f4 11. b3 Be6 12. Bb2 Rc8 13. Nd5 O-O 14. Nb1 b5 15. cxb5
axb5 16. Qd2 Bxd5 17. exd5 Nd4 18. Bxd4 exd4 19. Bxb5 Nxd5 20. Bc4 Rxc4 21.
bxc4 Ne3 22. Ke2 d5 23. Qxd4 Bf6 24. Qc5 Bxa1 25. Nd2 dxc4 26. Nxc4 Bd4 27. Qb4
Re8 28. Nxe3 Rxe3+ 29. Kf1 Qc8 30. Qd2 Qc4+ 31. Kf2 Re2+ 32. Kf1 Rxd2+ 33. Ke1
Qe2# 0-1

[Event "Championnat de Martinique Fermé 2017"]
[Site "Le Lamentin"]
[Date "2017.05.21"]
[Round "7.2"]
[White "Suez-Panama, Gilles"]
[Black "Verneuil, Pascal"]
[Result "0-1"]
[WhiteElo "2041"]
[BlackElo "2197"]
[PlyCount "141"]
[EventDate "2017.??.??"]

1. d4 Nf6 2. Nf3 c5 3. d5 e6 4. c4 exd5 5. cxd5 d6 6. Nc3 g6 7. g3 Bg7 8. Bg2
O-O 9. O-O Re8 10. Nd2 Nbd7 11. h3 a6 12. a4 Rb8 13. Nc4 Ne5 14. Na3 b5 15.
axb5 axb5 16. Naxb5 Qb6 17. Kh2 Bd7 18. Na3 Qb4 19. Nc2 Qb7 20. Ne3 Qb4 21. Nc2
Qb7 22. Ne3 Qb4 23. f4 Nc4 24. Nxc4 Qxc4 25. e4 Ra8 26. Rxa8 Rxa8 27. e5 Ne8
28. e6 Ba4 29. exf7+ Kxf7 30. Qg4 Bxc3 31. Qe6+ Kg7 32. Qe7+ Kg8 33. bxc3 Ng7
34. f5 Re8 35. Qxd6 Nxf5 36. Rxf5 gxf5 37. Qf6 Qe2 38. c4 Qe5 39. Qg5+ Qg7 40.
Qd2 Qd4 41. Qg5+ Qg7 42. Qxf5 Qg6 43. Qf2 Qc2 44. Bd2 Qxc4 45. Qf6 Qd4 46. Qg5+
Qg7 47. Qh4 Bd7 48. Bh6 Qg6 49. d6 Qxd6 50. Bf4 Qg6 51. Bd5+ Be6 52. Bxe6+ Qxe6
53. Qg5+ Kh8 54. h4 Qg6 55. Be5+ Kg8 56. Qf4 h5 57. Bd6 Re2+ 58. Kh3 Qe6+ 59.
g4 Qxg4+ 60. Qxg4+ hxg4+ 61. Kxg4 c4 62. Kf3 Re6 63. Bb4 Kh7 64. Kf4 Kg6 65.
Kg4 Re4+ 66. Kg3 Kh5 67. Kf3 Re6 68. Bd2 Kxh4 69. Be3 Kh3 70. Bf4 c3 71. Bg3
0-1

[Event "Championnat de Martinique Fermé 2017"]
[Site "Le Lamentin"]
[Date "2017.05.26"]
[Round "7.3"]
[White "Christophe-Hayot, Romain"]
[Black "Prudent, Sylvio"]
[Result "1-0"]
[WhiteElo "1732"]
[BlackElo "1650"]
[PlyCount "109"]
[EventDate "2017.??.??"]

1. d4 f5 2. Bg5 g6 3. Nf3 Bg7 4. h4 h6 5. Bf4 d6 6. Nc3 Nf6 7. Qd2 Nc6 8. e3
Bd7 9. Bd3 Nb4 10. O-O-O Nxd3+ 11. Qxd3 e6 12. e4 Qe7 13. e5 Ng4 14. Rd2 d5 15.
a3 O-O-O 16. b4 a6 17. Kb2 Bf8 18. Ra1 Rg8 19. g3 g5 20. hxg5 hxg5 21. Be3 Bh6
22. Re2 Nxe3 23. fxe3 g4 24. Nd2 Rh8 25. Nb3 Kb8 26. b5 axb5 27. Nxb5 Bxb5 28.
Qxb5 Qe8 29. a4 Qxb5 30. axb5 b6 31. Nc1 Bg5 32. Nd3 Rh3 33. Rg1 Kb7 34. Nb4
Rdh8 35. Rgg2 Rh1 36. c3 Ra8 37. Kb3 Raa1 38. Kc2 Rac1+ 39. Kd3 Rcd1+ 40. Rd2
Rhg1 41. Rh2 Rxd2+ 42. Kxd2 Rxg3 43. Rh8 Rh3 44. Rg8 Bxe3+ 45. Kc2 Rh2+ 46. Kb1
Rh1+ 47. Ka2 Rh2+ 48. Kb3 Rh1 49. Kc2 Rh2+ 50. Kd3 f4 51. c4 Rd2+ 52. Kc3 dxc4
53. Nc6 Rd3+ 54. Kxc4 Rxd4+ 55. Nxd4 1-0

[Event "Championnat de Martinique Fermé 2017"]
[Site "Le Lamentin"]
[Date "2017.05.21"]
[Round "7.4"]
[White "Grange, Julien"]
[Black "Joachim, Rodny"]
[Result "1/2-1/2"]
[WhiteElo "1892"]
[BlackElo "1693"]
[PlyCount "56"]
[EventDate "2017.??.??"]

1. d4 d5 2. c4 c6 3. Nc3 e6 4. Nf3 Nf6 5. e3 Nbd7 6. Qc2 Bd6 7. b3 O-O 8. Be2
e5 9. cxd5 cxd5 10. Nb5 Bb8 11. dxe5 Nxe5 12. Nbd4 Bd6 13. O-O Bg4 14. Nxe5
Bxe2 15. Qxe2 Bxe5 16. Bb2 Re8 17. h3 Qb6 18. Rfd1 Rac8 19. Nf3 Bxb2 20. Qxb2
Rc7 21. Rd4 Rec8 22. Ne1 Qa5 23. Rad1 h6 24. Qd2 Qxd2 25. R4xd2 Kh7 26. f3 Rc3
27. Kf2 a5 28. Rd4 b5 1/2-1/2

[Event "Championnat de Martinique Fermé 2017"]
[Site "Le Lamentin"]
[Date "2017.05.21"]
[Round "7.5"]
[White "Chancerel, Dominique"]
[Black "Cesaire-Hierso, Florian"]
[Result "0-1"]
[WhiteElo "1815"]
[BlackElo "1777"]
[PlyCount "92"]
[EventDate "2017.??.??"]

1. e4 e5 2. f4 exf4 3. Nf3 Be7 4. Bc4 d6 5. O-O Nf6 6. d3 Nc6 7. Bxf4 Bg4 8. c3
O-O 9. Nbd2 Ne5 10. Qb3 Nxc4 11. Nxc4 b6 12. Nd4 Qd7 13. Bg5 Nxe4 14. Bxe7 Nc5
15. Qc2 Qxe7 16. Rae1 Qd7 17. Re3 Ne6 18. Nb3 Rae8 19. Rg3 Nc5 20. Ne3 Bh5 21.
Nxc5 dxc5 22. Qd2 Bg6 23. d4 cxd4 24. cxd4 Re4 25. d5 Rfe8 26. Qc3 Qd6 27. Rc1
h6 28. a3 Qe5 29. Qxe5 R4xe5 30. Kf2 R8e7 31. Rc3 Be4 32. Ng4 Rf5+ 33. Kg1 Kh7
34. Ne3 Rfe5 35. Rc6 f5 36. Rh3 f4 37. Ng4 Rxd5 38. Rc4 Rd2 39. Nf2 Bf5 40. g4
Bxg4 41. Rhc3 Re1+ 42. Kg2 f3+ 43. Kg3 Rg1+ 44. Kf4 Rxf2 45. Rc2 Re2 46. h3 g5#
0-1

[Event "Championnat de Martinique Fermé 2017"]
[Site "Le Lamentin"]
[Date "2017.05.21"]
[Round "7.6"]
[White "Evers, Shaman"]
[Black "Marbot, Raymond"]
[Result "1-0"]
[WhiteElo "1560"]
[BlackElo "1726"]
[PlyCount "101"]
[EventDate "2017.??.??"]

1. e4 e6 2. d4 d5 3. exd5 exd5 4. Nf3 Nf6 5. Nc3 c6 6. Bf4 Bb4 7. a3 Bxc3+ 8.
bxc3 O-O 9. Be2 h6 10. O-O Bf5 11. c4 dxc4 12. Bxc4 Nbd7 13. c3 Re8 14. Qb3 Nd5
15. Bxd5 cxd5 16. Qxb7 Nb6 17. Ne5 Re7 18. Qa6 Qe8 19. h3 f6 20. Nf3 Qd7 21.
Rfe1 Rae8 22. Rxe7 Rxe7 23. Re1 Rxe1+ 24. Nxe1 g5 25. Bb8 Qa4 26. Qxa4 Nxa4 27.
Bxa7 Nxc3 28. g4 Bb1 29. Ng2 Kf7 30. Ne3 Ke6 31. Kf1 Be4 32. Bc5 Bg6 33. f3 h5
34. Ke1 Na4 35. Kd2 hxg4 36. hxg4 Nxc5 37. dxc5 d4 38. Nf5 Bxf5 39. gxf5+ Kxf5
40. a4 Ke6 41. a5 Kd7 42. Kd3 Kc6 43. a6 Kc7 44. Kxd4 Kb8 45. c6 f5 46. Ke5 g4
47. fxg4 fxg4 48. Kf4 g3 49. Kxg3 Ka8 50. c7 Ka7 51. c8=Q 1-0

[Event "Championnat de Martinique Fermé 2017"]
[Site "Le Lamentin"]
[Date "2017.05.21"]
[Round "8.1"]
[White "Midonet, Matthieu"]
[Black "Grange, Julien"]
[Result "1-0"]
[WhiteElo "2247"]
[BlackElo "1892"]
[PlyCount "77"]
[EventDate "2017.??.??"]

1. e4 c5 2. Nf3 g6 3. d4 cxd4 4. Nxd4 Nc6 5. Nc3 Nf6 6. Nf3 Bg7 7. Bc4 O-O 8.
O-O a6 9. h3 b5 10. Bd3 d5 11. exd5 Nb4 12. Re1 Nxd3 13. Qxd3 b4 14. Ne4 Nxe4
15. Qxe4 Bf5 16. Qxb4 Rb8 17. Qxe7 Qxd5 18. c3 Bxh3 19. Qe4 Be6 20. Qxd5 Bxd5
21. Nd4 a5 22. Rd1 Rfe8 23. b3 a4 24. Bf4 Rb7 25. c4 Be4 26. Rac1 Bxd4 27. Rxd4
axb3 28. axb3 Rxb3 29. c5 Rb1 30. Rxb1 Bxb1 31. c6 Kg7 32. c7 Rc8 33. Be5+ Kh6
34. g4 Ba2 35. f4 Be6 36. g5+ Kh5 37. Rd8 Kg4 38. Kf2 Kh5 39. Kg3 1-0

[Event "Championnat de Martinique Fermé 2017"]
[Site "Le Lamentin"]
[Date "2017.05.21"]
[Round "8.2"]
[White "Marbot, Raymond"]
[Black "Verneuil, Pascal"]
[Result "0-1"]
[WhiteElo "1726"]
[BlackElo "2197"]
[PlyCount "118"]
[EventDate "2017.??.??"]

1. e4 c5 2. Nf3 Nc6 3. d4 cxd4 4. Nxd4 e5 5. Nb5 d6 6. c4 Be7 7. N1c3 a6 8. Na3
f5 9. Bd3 f4 10. Nc2 Nh6 11. Qh5+ Nf7 12. Nd5 O-O 13. Nxe7+ Qxe7 14. Qe2 Be6
15. f3 Rac8 16. b3 Kh8 17. O-O g5 18. g4 fxg3 19. hxg3 Rg8 20. Rf2 Rg6 21. Bb2
Kg8 22. Rh2 g4 23. f4 exf4 24. gxf4 g3 25. Rg2 Bh3 26. e5 Bxg2 27. Bxg6 hxg6
28. Qxg2 dxe5 29. Qxg3 Qc5+ 30. Kg2 Qd6 31. Rf1 Re8 32. fxe5 Ncxe5 33. Nd4 b5
34. cxb5 axb5 35. Nf3 Qc6 36. Kh3 Nxf3 37. Rxf3 Qxf3 38. Qxf3 Ng5+ 39. Kg4 Nxf3
40. Kxf3 Rc8 41. a4 bxa4 42. bxa4 Ra8 43. Kf4 Rxa4+ 44. Kg5 Kf7 45. Bc3 Rc4 46.
Bb2 Rc2 47. Bd4 Rg2+ 48. Kf4 Ke6 49. Kf3 Ra2 50. Kg3 Kf5 51. Bb6 Ra3+ 52. Kg2
Kg4 53. Bc5 Ra2+ 54. Kg1 Kh3 55. Bd6 g5 56. Be5 g4 57. Bd4 g3 58. Kf1 g2+ 59.
Kg1 Rd2 {Ab} 0-1

[Event "Championnat de Martinique Fermé 2017"]
[Site "Le Lamentin"]
[Date "2017.05.21"]
[Round "8.3"]
[White "Joachim, Rodny"]
[Black "Suez-Panama, Gilles"]
[Result "0-1"]
[WhiteElo "1693"]
[BlackElo "2041"]
[PlyCount "52"]
[EventDate "2017.??.??"]

1. e4 e6 2. d4 d5 3. exd5 exd5 4. Bd3 Nc6 5. c3 Bd6 6. Nf3 Bg4 7. O-O Nge7 8.
Re1 Qd7 9. Bg5 f6 10. Bh4 O-O-O 11. Nbd2 Ng6 12. Bg3 Nf4 13. Bxf4 Bxf4 14. Qc2
Kb8 15. h3 Be6 16. Nb3 Bd6 17. c4 Nb4 18. Qe2 Nxd3 19. Qxd3 dxc4 20. Qe3 Bd5
21. Nc5 Qf5 22. Ne4 Bb4 23. Ng3 Qd7 24. Red1 h5 25. Qf4 h4 26. Nf5 g5 0-1

[Event "Championnat de Martinique Fermé 2017"]
[Site "Le Lamentin"]
[Date "2017.05.21"]
[Round "8.4"]
[White "Cesaire-Hierso, Florian"]
[Black "Christophe-Hayot, Romain"]
[Result "0-1"]
[WhiteElo "1777"]
[BlackElo "1732"]
[PlyCount "101"]
[EventDate "2017.??.??"]

1. e4 e6 2. d4 d5 3. exd5 exd5 4. Bd3 Nf6 5. Bg5 Qe7+ 6. Ne2 Qb4+ 7. Nbc3 Be7
8. O-O c6 9. Rb1 Bg4 10. f3 Be6 11. a3 Qb6 12. Qe1 Nbd7 13. Na4 Qc7 14. Qd2 O-O
15. Bf4 Bd6 16. Bxd6 Qxd6 17. Ng3 b5 18. Nc3 Nb6 19. b3 Rfe8 20. Nce2 Re7 21.
Nf4 Qxa3 22. Nfh5 Nxh5 23. Nxh5 f6 24. Qf4 Bf7 25. Ng3 Bg6 26. Bxg6 hxg6 27.
Qg4 Kf7 28. h4 Rh8 29. h5 gxh5 30. Nxh5 g6 31. Nf4 g5 32. Nd3 Rh4 33. Qf5 Qd6
34. Ne5+ Rxe5 35. dxe5 Qxe5 36. Qxe5 fxe5 37. Ra1 Nc8 38. Rfe1 Kf6 39. Ra6 Ne7
40. Rxa7 Rd4 41. Raa1 Rd2 42. Rac1 Nf5 43. Rf1 Ng3 44. Rf2 Rd4 45. Kh2 Nh5 46.
g4 Nf4 47. Kg3 e4 48. fxe4 dxe4 49. Re1 Ke5 50. Rh2 b4 51. Rh8 0-1

[Event "Championnat de Martinique Fermé 2017"]
[Site "Le Lamentin"]
[Date "2017.05.26"]
[Round "8.5"]
[White "Evers, Shaman"]
[Black "Chancerel, Dominique"]
[Result "0-1"]
[WhiteElo "1560"]
[BlackElo "1815"]
[PlyCount "46"]
[EventDate "2017.??.??"]

1. e4 d6 2. d4 Nf6 3. Nc3 g6 4. Bf4 Bg7 5. Bc4 c6 6. Qd2 b5 7. Bb3 a6 8. Bh6
Bxh6 9. Qxh6 e6 10. e5 dxe5 11. dxe5 b4 12. Nce2 Nd5 13. Qg7 Rf8 14. Qxh7 Qg5
15. Qg7 Qxg2 16. Ng3 Nd7 17. Rd1 Nc5 18. Rd4 a5 19. h4 Ba6 20. h5 gxh5 21. Rdh4
O-O-O 22. R4h2 Nf4 23. Rxg2 Nxg2# 0-1

[Event "Championnat de Martinique Fermé 2017"]
[Site "Le Lamentin"]
[Date "2017.05.21"]
[Round "8.6"]
[White "Prudent, Sylvio"]
[Black "Alcindor, Samuel"]
[Result "1-0"]
[WhiteElo "1650"]
[BlackElo "1434"]
[PlyCount "95"]
[EventDate "2017.??.??"]

1. Nf3 Nf6 2. b3 g6 3. Bb2 Bg7 4. e3 d6 5. d4 O-O 6. Bd3 e6 7. O-O Nbd7 8. c4
c5 9. Nc3 cxd4 10. Nxd4 Nc5 11. Be2 a6 12. Qc2 e5 13. Nf3 Bf5 14. Qd1 Qb6 15.
Nd5 Nxd5 16. cxd5 Rac8 17. Nd2 Rfd8 18. Nc4 Qa7 19. Rc1 b5 20. Na5 Bd7 21. b4
Na4 22. Qd2 Qa8 23. Rfd1 Rxc1 24. Rxc1 Nxb2 25. Qxb2 Qxd5 26. Rd1 Qe6 27. Nb7
Rb8 28. Nxd6 e4 29. Qd2 Bc6 30. Qc2 Bd5 31. Qc7 Ra8 32. Qb6 Bf8 33. Qd4 Bxd6
34. Qxd5 Qxd5 35. Rxd5 Bxb4 36. Rd4 Bc3 37. Rd7 Kf8 38. Bd1 Ke8 39. Rc7 Be5 40.
Rc5 Bd6 41. Rd5 Ke7 42. Bb3 Rc8 43. g3 Bb4 44. Rd4 a5 45. Rxe4+ Kf8 46. Kg2 Bc3
47. a4 b4 48. Kf3 1-0

[Event "Championnat de Martinique Fermé 2017"]
[Site "Le Lamentin"]
[Date "2017.05.21"]
[Round "9.1"]
[White "Suez-Panama, Gilles"]
[Black "Midonet, Matthieu"]
[Result "1-0"]
[WhiteElo "2041"]
[BlackElo "2247"]
[PlyCount "111"]
[EventDate "2017.??.??"]

1. d4 d5 2. Nf3 Nf6 3. c4 c6 4. Nc3 dxc4 5. a4 a5 6. e4 Bg4 7. Bxc4 e6 8. Be3
Bb4 9. Qc2 Bxf3 10. gxf3 Qc7 11. h4 g6 12. O-O-O Nbd7 13. e5 Nh5 14. Ne4 Nb6
15. Bg5 Be7 16. Bxe7 Qxe7 17. Nd6+ Kf8 18. Rdg1 Nxc4 19. Qxc4 Kg7 20. Kb1 Rhd8
21. Qc1 Rxd6 22. exd6 Qxd6 23. Qg5 Kh8 24. Rg4 Rd8 25. Qh6 Qd5 26. Qe3 Qf5+ 27.
Ka1 Qf6 28. Rc1 Ng7 29. Qc3 h5 30. Rgg1 Rd5 31. Qb3 Nf5 32. Qxb7 Nxd4 33. Rxc6
Nxc6 34. Qxc6 Qxh4 35. Rc1 Kg7 36. Qe8 Rd8 37. Qb5 Rd5 38. Qe8 Qb4 39. Rc8 Kh6
40. Rc1 Qd4 41. Qxf7 Qxa4+ 42. Kb1 Qd7 43. Qf8+ Qg7 44. Qf4+ g5 45. Qa4 Qg6+
46. Ka2 Qf7 47. Rc6 Qd7 48. Qc4 Re5 49. f4 Rd5 50. fxg5+ Kxg5 51. Rc7 Qd6 52.
f4+ Kf5 53. Qc2+ Kxf4 54. Rf7+ Rf5 55. Qh2+ Ke4 56. Qxd6 1-0

[Event "Championnat de Martinique Fermé 2017"]
[Site "Le Lamentin"]
[Date "2017.05.21"]
[Round "9.2"]
[White "Verneuil, Pascal"]
[Black "Joachim, Rodny"]
[Result "1-0"]
[WhiteElo "2197"]
[BlackElo "1693"]
[PlyCount "35"]
[EventDate "2017.??.??"]

1. e4 e5 2. Nf3 Nc6 3. Bc4 Nf6 4. d3 Bc5 5. c3 d6 6. h3 O-O 7. Bg5 Be6 8. Nbd2
Bxc4 9. Nxc4 b5 10. Ne3 Bxe3 11. fxe3 h6 12. Bh4 g5 13. Nxg5 hxg5 14. Bxg5 Nb8
15. O-O Nbd7 16. Qf3 Kg7 17. Qg3 Rg8 18. Bxf6+ 1-0

[Event "Championnat de Martinique Fermé 2017"]
[Site "Le Lamentin"]
[Date "2017.05.21"]
[Round "9.3"]
[White "Christophe-Hayot, Romain"]
[Black "Evers, Shaman"]
[Result "1-0"]
[WhiteElo "1732"]
[BlackElo "1560"]
[PlyCount "87"]
[EventDate "2017.??.??"]

1. d4 Nf6 2. Nf3 d5 3. Bg5 Bf5 4. Nh4 Be6 5. Bxf6 exf6 6. e3 Be7 7. Bd3 c6 8.
Qh5 Qa5+ 9. c3 Qb6 10. b3 Bd6 11. f4 g6 12. Qe2 f5 13. Nf3 Nd7 14. b4 Nf6 15.
O-O Ne4 16. a4 a5 17. b5 O-O 18. Nfd2 Rfc8 19. Bxe4 dxe4 20. c4 Bb4 21. Rc1
cxb5 22. c5 Qc7 23. axb5 Qd7 24. Nc3 f6 25. Na4 Bxd2 26. Qxd2 Qxb5 27. Nb6 a4
28. Nxa8 Rxa8 29. d5 Bf7 30. Ra3 Rc8 31. Qd4 b6 32. Rac3 a3 33. cxb6 Rxc3 34.
Qxc3 a2 35. Qxf6 Qb1 36. Qa1 Qxb6 37. Rc8+ Be8 38. Rxe8+ Kf7 39. Rc8 Qxe3+ 40.
Kh1 Qxf4 41. Rc2 e3 42. Rxa2 Qe4 43. Ra7+ Kg8 44. Qg7# 1-0

[Event "Championnat de Martinique Fermé 2017"]
[Site "Le Lamentin"]
[Date "2017.05.21"]
[Round "9.6"]
[White "Grange, Julien"]
[Black "Prudent, Sylvio"]
[Result "1-0"]
[WhiteElo "1892"]
[BlackElo "1650"]
[PlyCount "51"]
[EventDate "2017.??.??"]

1. d4 f5 2. Nc3 e6 3. e4 fxe4 4. Nxe4 Nf6 5. Bg5 Be7 6. Bxf6 Bxf6 7. Nf3 O-O 8.
Bd3 Nc6 9. c3 d5 10. Nxf6+ Qxf6 11. Qc2 g6 12. O-O e5 13. dxe5 Nxe5 14. Nxe5
Qxe5 15. Rae1 Qg5 16. f4 Rxf4 17. Rxf4 Qxf4 18. Bxg6 Bg4 19. Bxh7+ Kh8 20. Bd3
Rf8 21. Qc1 Qf2+ 22. Kh1 Qh4 23. Qe3 Kg8 24. Qe7 Rf6 25. Qd8+ Kg7 26. Re7+ 1-0

[Event "Championnat de Martinique Fermé 2017"]
[Site "Le Lamentin"]
[Date "2017.05.21"]
[Round "10.1"]
[White "Midonet, Matthieu"]
[Black "Verneuil, Pascal"]
[Result "1-0"]
[WhiteElo "2247"]
[BlackElo "2197"]
[PlyCount "67"]
[EventDate "2017.??.??"]

1. e4 c5 2. Nf3 Nc6 3. Bb5 e6 4. O-O Nge7 5. Nc3 a6 6. Bxc6 Nxc6 7. d4 cxd4 8.
Nxd4 Qc7 9. Nxc6 dxc6 10. Be3 Bd7 11. Qh5 g6 12. Qh4 Be7 13. Bg5 Qd8 14. Bxe7
Qxe7 15. Qg3 c5 16. e5 Bc6 17. Rad1 O-O 18. Rd6 f6 19. exf6 Rxf6 20. Rfd1 Rf5
21. Qe3 Re8 22. Ne4 Bd5 23. f3 Ref8 24. c4 Bc6 25. Nxc5 e5 26. Ne4 Rf4 27. Qc5
Qf7 28. Ng5 Rxc4 29. Qxe5 Qf5 30. Qe7 Rf7 31. Nxf7 Qxf7 32. Qe5 Qf5 33. Rd8+
Kf7 34. Qc7+ 1-0

[Event "Championnat de Martinique Fermé 2017"]
[Site "Le Lamentin"]
[Date "2017.05.21"]
[Round "10.2"]
[White "Prudent, Sylvio"]
[Black "Suez-Panama, Gilles"]
[Result "0-1"]
[WhiteElo "1650"]
[BlackElo "2041"]
[PlyCount "54"]
[EventDate "2017.??.??"]

1. Nf3 Nf6 2. b3 d6 3. Bb2 e5 4. e3 Nc6 5. c4 Be7 6. Be2 O-O 7. O-O Bg4 8. d3
Ne8 9. Nc3 f5 10. e4 f4 11. Nd5 Nf6 12. Nxe7+ Qxe7 13. Nd2 Bd7 14. a3 g5 15. f3
h5 16. Rf2 Kf7 17. Nf1 g4 18. g3 Rg8 19. fxg4 Nxg4 20. Rg2 Qg5 21. Bf3 Ne3 22.
Nxe3 fxe3 23. Bxh5+ Ke7 24. g4 Raf8 25. Qe2 Rf2 26. Rxf2 exf2+ 27. Qxf2 Qxh5
0-1